[Event "Ruhrgebiet VL2 0910"]
[Site "Germany"]
[Date "2010.03.21"]
[Round "8.1"]
[White "Schuette, Tobias"]
[Black "Maslak, Sulejman"]
[Result "1-0"]
[WhiteElo "1969"]
[BlackElo "2296"]
[PlyCount "85"]
[EventDate "2009.09.06"]
[EventType "team-tourn"]
[EventRounds "9"]
[EventCountry "GER"]
[SourceTitle "EXT 2011"]
[Source "ChessBase"]
[SourceDate "2010.11.26"]
[SourceVersion "1"]
[SourceVersionDate "2010.11.26"]
[SourceQuality "1"]
[WhiteTeam "Eichlinghofen SV"]
[BlackTeam "Ickern"]
[WhiteTeamCountry "GER"]
[BlackTeamCountry "GER"]

1. e4 e6 2. d4 d5 3. Nc3 Nf6 4. exd5 exd5 5. Bd3 Bd6 6. Nge2 0-0 7. Bg5 c6 8. Qd2 Re8 9. f3 h6 10. Bf4 Bb4 11. 0-0-0 Nbd7 12. g4 Nf8 13. h4 N6d7 14. Rdg1 Ne6 15. g5 h5 16. g6 f6 17. Bg3 Nb6 18. a3 Bd6 19. f4 Nf8 20. f5 Nc4 21. Bxc4 dxc4 22. Bxd6 Qxd6 23. Ng3 b5 24. Nce4 Qxd4 25. Qf4 Rxe4 26. Nxe4 Bxf5 27. Nc3 Qd7 28. Qf3 Bg4 29. Qf2 Nxg6 30. Ne4 Qd5 31. Re1 Rf8 32. Nc5 Rd8 33. c3 a5 34. Rhf1 b4 35. Re3 bxa3 36. bxa3 Rb8 37. Rfe1 Kh7 38. Re8 Rb6 39. Rf1 Bh3 40. Rfe1 Bg4 41. Ne4 Qb5 42. Qc2 Nf4 43. Nxf6+ 1-0

[Event "Ruhrgebiet VL2 0910"]
[Site "Germany"]
[Date "2010.01.10"]
[Round "5.1"]
[White "Schuette, Tobias"]
[Black "Hahn, Matthias"]
[Result "1/2-1/2"]
[WhiteElo "1969"]
[BlackElo "2085"]
[PlyCount "30"]
[EventDate "2009.09.06"]
[EventType "team-tourn"]
[EventRounds "9"]
[EventCountry "GER"]
[SourceTitle "EXT 2011"]
[Source "ChessBase"]
[SourceDate "2010.11.26"]
[SourceVersion "1"]
[SourceVersionDate "2010.11.26"]
[SourceQuality "1"]
[WhiteTeam "Eichlinghofen SV"]
[BlackTeam "Linden"]
[WhiteTeamCountry "GER"]
[BlackTeamCountry "GER"]

1. Nf3 Nf6 2. g3 d5 3. c4 e6 4. Bg2 dxc4 5. Qa4+ c6 6. Qxc4 b5 7. Qc2 Bb7 8. 0-0 Nbd7 9. d3 Be7 10. a4 a6 11. Nbd2 0-0 12. b3 Qb6 13. a5 Qa7 14. Bb2 c5 15. h3 Rac8 1/2-1/2